000 00444nam a2200181Ia 4500
001 21399
005 20260306172916.0
008 260306t2017||||xx |||||||||||||| ||spa||
041 _aESP
082 _a344.83
_bJ54
100 _aJiménez Herrera, Juan Carlos
_eAUT
245 0 _aManual de derecho penal informático
260 _c2017
300 _a539 páginas :
_c23 cm.
650 _aGEN
654 _aCDE
942 _cLIB
_dJUS
_fJUS
_2ddc
_n
999 _c21399
_d21399